000 00564nam a2200181Ia 4500
003 GCL
008 140319s9999 xx 000 0 ara d
040 _aGCL /
_cGCL
082 0 4 _a150.1
_bم ث
100 1 _aمركز الدراسات النفسية والجسدية
245 1 0 _aالثقافة النفسية مج3 , مج4 , مج5 /
_cمركز الدراسات النفسية والجسدية
490 _a100 قصة
_v0
650 0 4 _aعلم النفس
650 0 4 _aالشخصية
650 0 4 _aالذكاء
650 0 4 _aالادراك
942 _2ddc
_cBK
999 _c43970
_d43970